000 00413nam a2200181Ia 4500
005 20240823061825.0
008 240823s9999||||xx |||||||||||||| ||und||
041 _aENGLISH
082 _A820 Q3
100 _aSubbian C
245 0 _aIndo-English Prose A Selection
250 _a1st
260 _c2013
_bEmerald Publi
500 _aYES
650 _aEnglish Prose
_bEnglish
942 _cBK
999 _c234440
_d234440